Bosquejo de una clasificación sistemática de las doctrinas filosóficas.

Guardat en:
Dades bibliogràfiques
Autor principal: Renouvier, Charles (autor)
Format: Llibre
Idioma:anglès
Publicat: Buenos Aires, Argentina: Losada, 1948.
Col·lecció:Biblioteca Filosófica
Matèries:
Etiquetes: Afegir etiqueta
Sense etiquetes, Sigues el primer a etiquetar aquest registre!

MARC

LEADER 00000nam a2200000 a 4500
001 UCZ4181
003 CL-VaPUC
005 20220822114504.0
008 220614b1948 ||||| |||| 00| 0 eng d
999 |c 436020  |d 436018 
040 |c Pontificia Universidad Católica de Valparaíso 
082 7 |a 140 REN 1948  |2 22 
100 0 |a Renouvier, Charles  |e autor  |9 335830 
245 1 4 |a Bosquejo de una clasificación sistemática de las doctrinas filosóficas.  
260 |a Buenos Aires, Argentina:  |b Losada,   |c 1948. 
300 |a 2 tomos.  
490 0 |a Biblioteca Filosófica 
500 |a T.I-II.- c.1 Donación Familia Prof. Alejandro Guzmán Brito. 
583 |a last modification  |c 19951106 00:00:00  |k Cristina María Rojas Aguilar 
650 |a Filosofía   |9 223554 
650 |a Filosofía   |x Teoría  |9 870704 
942 |c BK  |2 ddc  |n 0 
952 |0 0  |1 0  |2 ddc  |4 0  |6 140_000000000000000_REN_1948  |7 0  |8 C_AGB  |9 583697  |a BIBDER  |b BIBDER  |d 2022-06-14  |e Donación   |h t.I  |i 5651826  |o 140 REN 1948  |p 5651826  |r 2023-01-25  |t 1  |w 2022-06-14  |y BK_US  |k AGB 
952 |0 0  |1 0  |2 ddc  |4 0  |6 140_000000000000000_REN_1948  |7 0  |8 C_AGB  |9 583698  |a BIBDER  |b BIBDER  |d 2022-06-14  |e Donación   |h t.II  |i 5651827  |o 140 REN 1948  |p 5651827  |r 2023-01-25  |t 1  |w 2022-06-14  |y BK_US  |k AGB